000 00911nam a2200265Ia 4500
003 OSt
005 20221005033602.0
006 a|||||r|||| 00| 0
007 ta
008 221004b |||||||| |||| 00| 0 eng d
020 _a978316634882 (pbk)
_cINR 395.00
024 _a65781
037 _bIN/2018-2019/225, 31/01/2020, Selectbook Service Syndicate
_cTextual
040 _aCRL
_cCRL
_beng
041 _2eng
_aeng
082 _aV2:1944Q7, Q6
100 _aGanguly Sumit Au.
_9586203
245 0 _aDeadly impasse
_b Kashmir and Indo - Pakistani relations at the dawn of a new century
260 _aDelhi
_bCambridge University Press India
_c2016
300 _ax,176p.
_ccm.
650 _a HISTORY
650 _aFOREIGN RELATIONS
_932171
942 _hV2:1944Q7, Q6
_cTEXL
_2cc
999 _c941753
_d941753